[Event "M.Chigorin Memorial"]
[Site "St. Petersburg RUS"]
[Date "2009.10.18"]
[Round "3.31"]
[White "Safarli, Eltaj"]
[Black "Trushelyov, Victor"]
[Result "1/2-1/2"]
[WhiteElo "2587"]
[BlackElo "2396"]
[PlyCount "119"]
[EventDate "2009.??.??"]

1. e4 e5 2. Nf3 Nf6 3. d4 Nxe4 4. Bd3 d5 5. dxe5 Nc5 6. Be2 Be7 7. O-O O-O 8.
Nc3 Be6 9. Be3 Nc6 10. Bb5 Ne4 11. Nxe4 dxe4 12. Bxc6 bxc6 13. Qxd8 Rfxd8 14.
Nd4 Bd5 15. c4 Bxc4 16. Rfc1 Bd5 17. Nxc6 Rd7 18. Nxa7 c6 19. Nxc6 Bxc6 20.
Rxc6 Rxa2 21. Rc8+ Bd8 22. Re1 Kf8 23. Bc5+ Ke8 24. Ba3 Rd4 25. g3 Kd7 26. Rec1
Rd5 27. Rb8 Ke6 28. Rcc8 Bg5 29. h4 e3 30. fxe3 Rd2 31. Rc1 Bxe3+ 32. Kh1 Kf5
33. Rb3 Bd4 34. Bb4 Rdxb2 35. Rxb2 Rxb2 36. Bc3 Bxc3 37. Rxc3 Kxe5 38. Rc7 Ke6
39. Kg1 h6 40. Ra7 Kf6 41. Ra6+ Kf5 42. Ra7 Kg6 43. Ra6+ f6 44. Ra7 Rc2 45. Rb7
f5 46. h5+ Kf6 47. Rb6+ Kf7 48. Rb7+ Kf6 49. Rb6+ Kg5 50. Rg6+ Kxh5 51. Rxg7
Rb2 52. Rg8 Ra2 53. Rg7 Ra6 54. Kh2 Rg6 55. Ra7 Kg4 56. Ra4+ Kg5 57. Kh3 Re6
58. Ra3 Re4 59. Rb3 Rd4 60. Ra3 1/2-1/2

[Event "M.Chigorin Memorial"]
[Site "St. Petersburg RUS"]
[Date "2009.10.18"]
[Round "3.32"]
[White "Sjugirov, Sanan"]
[Black "Solovjov, Sergey I"]
[Result "1-0"]
[WhiteElo "2585"]
[BlackElo "2398"]
[PlyCount "81"]
[EventDate "2009.??.??"]

1. e4 c5 2. Nf3 g6 3. d4 cxd4 4. Nxd4 Nf6 5. Nc3 d6 6. Be3 Bg7 7. f3 O-O 8. Qd2
Nc6 9. O-O-O d5 10. exd5 Nxd5 11. Nxc6 bxc6 12. Bd4 Nxc3 13. Qxc3 Bh6+ 14. Be3
Bxe3+ 15. Qxe3 Qb6 16. Qxe7 Be6 17. Qa3 Rfd8 18. Ba6 Qf2 19. Bb7 Rab8 20. Bxc6
Qxg2 21. Be4 Rbc8 22. h4 Rd2 23. Rxd2 Qxh1+ 24. Rd1 Qxh4 25. Qxa7 Qf4+ 26. Kb1
h5 27. a4 h4 28. a5 h3 29. a6 h2 30. Qf2 f5 31. Bd3 Kg7 32. Rh1 Rh8 33. a7 Bd5
34. Be4 fxe4 35. Qd4+ Qf6 36. Qxd5 Qxf3 37. Qb7+ Kf6 38. Rxh2 Qf1+ 39. Ka2 Rxh2
40. a8=Q Qc4+ 41. Qb3 1-0

[Event "M.Chigorin Memorial"]
[Site "St. Petersburg RUS"]
[Date "2009.10.18"]
[Round "3.33"]
[White "Yakovich, Yuri"]
[Black "Demina, Julia"]
[Result "1-0"]
[WhiteElo "2576"]
[BlackElo "2377"]
[PlyCount "47"]
[EventDate "2009.??.??"]

1. c4 c6 2. Nf3 d5 3. e3 Nf6 4. Nc3 g6 5. d4 Bg7 6. Be2 O-O 7. O-O e6 8. b4 b6
9. a4 dxc4 10. Bxc4 Nd5 11. Qb3 Nxc3 12. Qxc3 a5 13. bxa5 Rxa5 14. Ba3 Re8 15.
Qb3 Ba6 16. Rfc1 Bxc4 17. Rxc4 c5 18. Rac1 cxd4 19. Nxd4 Rd5 20. Nb5 Rd3 21.
Qb1 Qd7 22. Rc7 Qd5 23. Rc8 Rd8 24. Be7 1-0

[Event "M.Chigorin Memorial"]
[Site "St. Petersburg RUS"]
[Date "2009.10.18"]
[Round "3.34"]
[White "Svetlov, Dmitry"]
[Black "Matlakov, Maxim"]
[Result "1-0"]
[WhiteElo "2399"]
[BlackElo "2574"]
[PlyCount "87"]
[EventDate "2009.??.??"]

1. d4 Nf6 2. Nf3 e6 3. c4 d5 4. Nc3 Bb4 5. Bg5 dxc4 6. e4 b5 7. e5 h6 8. exf6
hxg5 9. fxg7 Rg8 10. h4 gxh4 11. Rxh4 Qf6 12. a4 Bb7 13. Rh8 Rxh8 14. gxh8=Q+
Qxh8 15. axb5 Nd7 16. Bxc4 Nb6 17. Bf1 O-O-O 18. Ne5 Qh4 19. g4 Qh1 20. Qd3 Be4
21. Qe3 Nd5 22. Qg3 Bg6 23. O-O-O Nxc3 24. bxc3 Ba3+ 25. Kd2 Qe4 26. Bd3 Qd5
27. Bxg6 fxg6 28. Qf3 Rf8 29. Qxd5 exd5 30. Ke3 g5 31. Ra1 Bd6 32. Rxa7 Rf4 33.
Ra8+ Kb7 34. Re8 Kb6 35. Rb8+ Ka5 36. f3 Rf6 37. Rg8 Kxb5 38. Rxg5 c5 39. f4
cxd4+ 40. cxd4 Ba3 41. Rf5 Rh6 42. g5 Rh3+ 43. Nf3 Kc4 44. g6 1-0

[Event "M.Chigorin Memorial"]
[Site "St. Petersburg RUS"]
[Date "2009.10.18"]
[Round "3.35"]
[White "Malakhatko, Vadim"]
[Black "Yaksin, Oleg"]
[Result "1/2-1/2"]
[WhiteElo "2569"]
[BlackElo "2385"]
[PlyCount "35"]
[EventDate "2009.??.??"]

1. d4 Nf6 2. c4 e6 3. Nf3 b6 4. g3 Bb7 5. Bg2 Be7 6. O-O O-O 7. Nc3 Ne4 8. Bd2
f5 9. Qc2 Nxc3 10. Bxc3 Be4 11. Qd2 Bf6 12. Ne1 Bxg2 13. Nxg2 a5 14. Qd3 Na6
15. e4 fxe4 16. Qxe4 Re8 17. Ne3 c6 18. Rad1 1/2-1/2

[Event "M.Chigorin Memorial"]
[Site "St. Petersburg RUS"]
[Date "2009.10.18"]
[Round "3.36"]
[White "Shomoev, Anton"]
[Black "Pankov, German"]
[Result "1/2-1/2"]
[WhiteElo "2566"]
[BlackElo "2359"]
[PlyCount "54"]
[EventDate "2009.??.??"]

1. e4 c5 2. Nf3 Nc6 3. Nc3 g6 4. d4 cxd4 5. Nxd4 Bg7 6. Be3 Nf6 7. Bc4 O-O 8.
Bb3 a5 9. O-O Nxd4 10. Bxd4 d6 11. a4 Bd7 12. Nd5 Nxd5 13. exd5 Re8 14. Bxg7
Kxg7 15. Qd4+ Kg8 16. Rfe1 e5 17. dxe6 Bxe6 18. Re3 Qd7 19. Rd1 Bxb3 20. cxb3
Rxe3 21. Qxe3 b5 22. axb5 Qxb5 23. Rxd6 Re8 24. Qc3 Qe2 25. g3 Qe1+ 26. Kg2
Qxc3 27. bxc3 Rb8 1/2-1/2

[Event "M.Chigorin Memorial"]
[Site "St. Petersburg RUS"]
[Date "2009.10.18"]
[Round "3.37"]
[White "Vlasenko, Miroslav"]
[Black "Grigoriants, Sergey"]
[Result "1/2-1/2"]
[WhiteElo "2384"]
[BlackElo "2564"]
[PlyCount "34"]
[EventDate "2009.??.??"]

1. d4 Nf6 2. c4 g6 3. Nc3 d5 4. cxd5 Nxd5 5. e4 Nxc3 6. bxc3 Bg7 7. Nf3 c5 8.
Rb1 O-O 9. Be2 b6 10. O-O Bb7 11. Qd3 e6 12. Bg5 Qd7 13. Rfd1 cxd4 14. cxd4 Ba6
15. Qe3 Bxe2 16. Qxe2 Qa4 17. Qe3 Nd7 1/2-1/2

[Event "M.Chigorin Memorial"]
[Site "St. Petersburg RUS"]
[Date "2009.10.18"]
[Round "3.38"]
[White "Pakhomov, Egor"]
[Black "Del Rio De Angelis, Salvad"]
[Result "1/2-1/2"]
[WhiteElo "2371"]
[BlackElo "2559"]
[PlyCount "121"]
[EventDate "2009.??.??"]

1. d4 e6 2. Nf3 c5 3. c4 cxd4 4. Nxd4 Nf6 5. Nc3 d5 6. Bf4 Be7 7. e3 O-O 8. Be2
dxc4 9. Bxc4 Qa5 10. Qe2 Ne4 11. Nb3 Qb4 12. Be5 Nd6 13. Bxd6 Qxd6 14. O-O Nc6
15. Rfd1 Qc7 16. Nb5 Qb8 17. Rac1 a6 18. N5d4 Ne5 19. h3 Rd8 20. Nd2 Nxc4 21.
Nxc4 Qa7 22. Qh5 Rd5 23. Qf3 Bd7 24. Qf4 Be8 25. Nb3 Rad8 26. Rxd5 Rxd5 27. Qc7
Kf8 28. Nd4 Rc5 29. Qf4 e5 30. Qe4 exd4 31. Qxh7 f6 32. Qh8+ Kf7 33. exd4 Rg5
34. h4 Rg6 35. Nd6+ Bxd6 36. Rc8 Bf8 37. Rc7+ Be7 38. Rc8 Rxg2+ 39. Kxg2 Bc6+
40. d5 Bxd5+ 41. f3 Qd4 42. Qg8+ Kg6 43. Qe8+ Kf5 44. Qxe7 Qg4+ 45. Kf2 Qxh4+
46. Ke2 Bc4+ 47. Kd2 Qd4+ 48. Kc1 b5 49. Qc5+ Qxc5 50. Rxc5+ Kf4 51. Kd2 Bxa2
52. Rc6 a5 53. Ke2 Bd5 54. Rc3 Bc4+ 55. Kf2 a4 56. Re3 f5 57. Re8 g5 58. Rb8
Ke5 59. Ke3 f4+ 60. Kd2 Kd4 61. Rb6 1/2-1/2

[Event "M.Chigorin Memorial"]
[Site "St. Petersburg RUS"]
[Date "2009.10.18"]
[Round "3.39"]
[White "Lafuente, Pablo"]
[Black "Ivanov, Sergey A"]
[Result "1-0"]
[WhiteElo "2559"]
[BlackElo "2375"]
[PlyCount "55"]
[EventDate "2009.??.??"]

1. e4 e5 2. Nf3 Nc6 3. Bb5 f5 4. O-O fxe4 5. Bxc6 dxc6 6. Nxe5 Nf6 7. d4 Bd6 8.
Nc3 Bf5 9. Bg5 Qe7 10. Nxe4 Bxe4 11. Re1 Bd5 12. Bxf6 gxf6 13. Qh5+ Kd8 14.
Nxc6+ Bxc6 15. Rxe7 Kxe7 16. Re1+ Kf8 17. Re6 Kg7 18. Qg4+ Kf7 19. Qf5 Be7 20.
Re3 Kf8 21. d5 Be8 22. Qe6 Bd6 23. Qxf6+ Kg8 24. Qg5+ Bg6 25. h4 Rf8 26. Re6
Kg7 27. h5 Bc5 28. Rxg6+ 1-0

[Event "M.Chigorin Memorial"]
[Site "St. Petersburg RUS"]
[Date "2009.10.18"]
[Round "3.40"]
[White "Demianjuk, Alexander"]
[Black "Ionov, Sergey"]
[Result "1/2-1/2"]
[WhiteElo "2367"]
[BlackElo "2554"]
[PlyCount "117"]
[EventDate "2009.??.??"]

1. e4 c5 2. Nf3 Nc6 3. d4 cxd4 4. Nxd4 e6 5. Nc3 Qc7 6. Be2 a6 7. O-O Nf6 8.
Be3 Be7 9. f4 d6 10. Qe1 O-O 11. Qg3 Nxd4 12. Bxd4 b5 13. a3 Bb7 14. Kh1 Rad8
15. Bd3 Rd7 16. e5 dxe5 17. Bxe5 Qb6 18. Ne4 Nh5 19. Qh3 g6 20. Rae1 f6 21. Bc3
Ng7 22. Nf2 Nf5 23. Be4 Bxe4 24. Nxe4 Qc6 25. Qf3 Rd5 26. Rd1 Qc4 27. Rxd5 exd5
28. Nd2 Qc6 29. Nb3 h5 30. Nd4 Nxd4 31. Bxd4 Qxc2 32. Qxd5+ Rf7 33. Bc3 Qf5 34.
Qa8+ Kh7 35. Qxa6 Qd5 36. f5 gxf5 37. Qc8 f4 38. Qh3 Bd6 39. Qf3 Qxf3 40. Rxf3
Be5 41. g3 Re7 42. Bxe5 fxe5 43. gxf4 e4 44. Rf2 Kg6 45. f5+ Kf6 46. Kg2 h4 47.
Rf4 Ke5 48. Rxh4 Kxf5 49. Rh5+ Kf4 50. Kf2 Rd7 51. Rh4+ Ke5 52. Rh5+ Kf4 53.
Ke2 Rd3 54. Rh4+ Ke5 55. Rh5+ Kf4 56. Rxb5 Rh3 57. a4 Rxh2+ 58. Kd1 e3 59. a5
1/2-1/2

[Event "M.Chigorin Memorial"]
[Site "St. Petersburg RUS"]
[Date "2009.10.18"]
[Round "3.41"]
[White "Dzhumagaliev, Yan"]
[Black "Vysochin, Spartak"]
[Result "0-1"]
[WhiteElo "2358"]
[BlackElo "2550"]
[PlyCount "108"]
[EventDate "2009.??.??"]

1. d4 d5 2. Nf3 Nf6 3. c4 c6 4. e3 Bf5 5. Nc3 e6 6. Nh4 Bg6 7. Nxg6 hxg6 8. g3
Nbd7 9. Bg2 dxc4 10. Qe2 Nb6 11. O-O Be7 12. Rd1 Qc7 13. a4 a5 14. e4 e5 15.
dxe5 Qxe5 16. Be3 Bc5 17. Bxc5 Qxc5 18. e5 Nfd7 19. Ne4 Qxe5 20. Nd6+ Kf8 21.
Qxe5 Nxe5 22. Nxb7 Rh5 23. Rd6 Ke7 24. Re1 Ra7 25. Rxc6 Rxb7 26. g4 Rg5 27. h3
Kd7 28. Rd1+ Ke7 29. Re1 Kf8 30. f4 Nd3 31. Rf1 Rc5 32. Rxc5 Nxc5 33. Bxb7 Nxb7
34. f5 gxf5 35. Rxf5 Nxa4 36. Rb5 Nac5 37. h4 Ke7 38. g5 g6 39. Kg2 Kd7 40. Rb6
Nd6 41. Rb8 Kc7 42. Ra8 a4 43. Kf3 Kb7 44. Rd8 Kc6 45. Ke2 Nd3 46. Rb8 Kc7 47.
Ra8 Nxb2 48. Kd2 Kb7 49. Rd8 Kc6 50. Kc3 a3 51. Kb4 a2 52. Ra8 Nd3+ 53. Kc3 Kc5
54. Rxa2 Ne4+ 0-1

[Event "M.Chigorin Memorial"]
[Site "St. Petersburg RUS"]
[Date "2009.10.18"]
[Round "3.42"]
[White "Zherebukh, Yaroslav"]
[Black "Belousov, Danila"]
[Result "1-0"]
[WhiteElo "2544"]
[BlackElo "2351"]
[PlyCount "79"]
[EventDate "2009.??.??"]

1. d4 d5 2. c4 c6 3. Nc3 Nf6 4. Nf3 Qb6 5. g3 dxc4 6. Bg2 g6 7. O-O Bg7 8. h3
O-O 9. e4 Qa6 10. Bg5 h6 11. Be3 b5 12. Qc2 Be6 13. Ne2 Qc8 14. g4 Na6 15. a3
Rb8 16. Ng3 Rd8 17. Rad1 b4 18. Ne5 c3 19. bxc3 bxa3 20. Ra1 a2 21. Rxa2 Bb3
22. Qe2 Bxa2 23. Qxa2 e6 24. Ra1 c5 25. Qxa6 Rb1+ 26. Kh2 Rxa1 27. Qxa1 cxd4
28. cxd4 Qc7 29. Qa6 Rd6 30. Qa4 Nd7 31. Nd3 Nb6 32. Qe8+ Kh7 33. d5 exd5 34.
Bf4 Rd8 35. Bxc7 Rxe8 36. exd5 Nc4 37. Ne4 Ne5 38. Nxe5 Bxe5+ 39. Bxe5 Rxe5 40.
f4 1-0

[Event "M.Chigorin Memorial"]
[Site "St. Petersburg RUS"]
[Date "2009.10.18"]
[Round "3.43"]
[White "Wen, Yang"]
[Black "Zubritskiy, Artyom"]
[Result "1-0"]
[WhiteElo "2538"]
[BlackElo "2342"]
[PlyCount "101"]
[EventDate "2009.??.??"]

1. e4 c5 2. Nf3 d6 3. d4 cxd4 4. Qxd4 e5 5. Qe3 Be7 6. c4 Nf6 7. Nc3 O-O 8. h3
Be6 9. b3 Na6 10. Be2 Qb8 11. O-O Rc8 12. Bb2 Nc5 13. Nd2 Bd8 14. Kh1 Bb6 15.
Qg3 Ba5 16. Qe3 Bb6 17. Qg3 Ba5 18. f4 Kh8 19. Qe3 Bb6 20. Qf3 Bd7 21. fxe5
dxe5 22. Nd5 Nxd5 23. exd5 f5 24. Qc3 Re8 25. Bd1 Bd8 26. Bc2 Qc8 27. Qf3 Bf6
28. Qf2 g6 29. b4 Na4 30. Bxa4 Bxa4 31. Ne4 Qd8 32. Nc5 b5 33. Rae1 Rc8 34. Bc3
Qd6 35. Qb2 a5 36. a3 axb4 37. axb4 Kg8 38. Nxa4 bxa4 39. Qa2 Red8 40. Rd1 e4
41. c5 Qf8 42. Bxf6 Qxf6 43. Qxa4 e3 44. Qa2 Qe5 45. d6+ Kg7 46. Rd5 Qc3 47.
Qa7+ Kg8 48. Qe7 Qc4 49. Qe6+ Kg7 50. Qe5+ Kg8 51. Ra1 1-0

[Event "M.Chigorin Memorial"]
[Site "St. Petersburg RUS"]
[Date "2009.10.18"]
[Round "3.44"]
[White "Fedoseev, Vladimir"]
[Black "Abergel, Thal"]
[Result "0-1"]
[WhiteElo "2352"]
[BlackElo "2532"]
[PlyCount "78"]
[EventDate "2009.??.??"]

1. c4 Nf6 2. Nc3 g6 3. e4 d6 4. d4 Bg7 5. h3 O-O 6. Be3 e5 7. d5 a5 8. c5 Ne8
9. Rc1 f5 10. Nb5 Na6 11. cxd6 cxd6 12. g4 b6 13. Nc3 Nc5 14. gxf5 gxf5 15.
Nge2 Qh4 16. exf5 Bxf5 17. Ng3 Bg6 18. Qg4 Qd8 19. Bc4 Nf6 20. Qe2 e4 21. Kd2
Nd3 22. Rc2 Nb4 23. Rcc1 Rc8 24. a3 Nd3 25. Bxd3 exd3 26. Qd1 Kh8 27. f4 Rxc3
28. bxc3 Nxd5 29. Rf1 Nxe3 30. Kxe3 Qe8+ 31. Kf2 Rxf4+ 32. Kg2 Qc6+ 33. Kh2
Rxf1 34. Qxf1 h5 35. Qf4 Kh7 36. Rf1 Qxc3 37. Qxd6 h4 38. Rg1 hxg3+ 39. Rxg3
Qb2+ 0-1

[Event "M.Chigorin Memorial"]
[Site "St. Petersburg RUS"]
[Date "2009.10.18"]
[Round "3.45"]
[White "Kashtanov, Ruslan"]
[Black "Papin, Vasily"]
[Result "0-1"]
[WhiteElo "2343"]
[BlackElo "2529"]
[PlyCount "112"]
[EventDate "2009.??.??"]

1. e4 c5 2. Nf3 d6 3. Bb5+ Nd7 4. c3 Ngf6 5. d3 e6 6. O-O a6 7. Ba4 c4 8. Bc2
cxd3 9. Qxd3 Qc7 10. Bf4 Be7 11. Rd1 Ne5 12. Nxe5 dxe5 13. Be3 Ng4 14. b4 Nxe3
15. Qxe3 O-O 16. Nd2 a5 17. bxa5 Rxa5 18. Bb3 Bd7 19. Qg3 Rc5 20. Rac1 Rc8 21.
Nf3 Be8 22. Rd3 h6 23. Rcd1 b5 24. h3 Bf6 25. Nh2 Bg5 26. Nf3 Bf4 27. Qg4 Rxc3
28. Rxc3 Qxc3 29. g3 Bc1 30. Rd6 Bb2 31. Kg2 Qc7 32. Rd2 Bc3 33. Rd1 Qb7 34.
Rd6 Qc7 35. Rd3 Qb7 36. Nd2 Kh8 37. Qe2 Bb4 38. Nf3 Bc6 39. Nxe5 Bxe4+ 40. Kh2
Bxd3 41. Qxd3 Bc3 42. Bc2 Kg8 43. Qh7+ Kf8 44. Be4 Qa6 45. Qh8+ Ke7 46. Qxg7
Bxe5 47. Qxe5 Qxa2 48. Kg2 Qc4 49. Bf3 b4 50. Qa5 Qc5 51. Qa4 Rd8 52. Qa2 Rd3
53. Be4 Rd4 54. Bf3 Rc4 55. Qa6 Rc2 56. Be2 Qc6+ 0-1

[Event "M.Chigorin Memorial"]
[Site "St. Petersburg RUS"]
[Date "2009.10.18"]
[Round "3.46"]
[White "Anisimov, Pavel"]
[Black "Gu, Xiaobing"]
[Result "1/2-1/2"]
[WhiteElo "2518"]
[BlackElo "2339"]
[PlyCount "122"]
[EventDate "2009.??.??"]

1. e4 c5 2. Nf3 d6 3. d4 cxd4 4. Nxd4 Nf6 5. Nc3 a6 6. Bg5 e6 7. f4 Nbd7 8. Bc4
Qb6 9. Bxf6 Nxf6 10. Bb3 Be7 11. Qd3 Nd7 12. O-O-O Nc5 13. Qg3 O-O 14. f5 Qc7
15. e5 dxe5 16. fxe6 Nxb3+ 17. axb3 Bxe6 18. Nxe6 fxe6 19. Rhe1 Rf4 20. Qh3 Rf6
21. Re2 Rd8 22. Rde1 Rh6 23. Qg4 Rd4 24. Re4 Rg6 25. Qf3 Bg5+ 26. Kb1 Bd2 27.
Rd1 Rf6 28. Rxd4 Rxf3 29. Rc4 Rxc3 30. Rxc7 Rxc7 31. Rxd2 Kf7 32. Kc1 Ke7 33.
Re2 Rc5 34. Kd2 a5 35. Re4 Kd6 36. Rg4 g6 37. Rh4 Rc7 38. b4 a4 39. b5 Rc5 40.
Rxa4 Rxb5 41. b3 Rd5+ 42. Ke2 Rd4 43. Ra7 Rb4 44. Ke3 h5 45. h3 g5 46. Ra8 g4
47. Rd8+ Kc7 48. Rh8 gxh3 49. Rxh5 hxg2 50. Rg5 Kd6 51. Rxg2 Kd5 52. Rg7 Re4+
53. Kd3 Rd4+ 54. Ke3 Rb4 55. Rd7+ Kc6 56. Re7 Kd6 57. Rh7 b5 58. Rb7 Kc5 59.
Rc7+ Kd5 60. Rd7+ Kc6 61. Re7 Kd6 1/2-1/2

[Event "M.Chigorin Memorial"]
[Site "St. Petersburg RUS"]
[Date "2009.10.18"]
[Round "3.47"]
[White "Ulanov, Alexandr"]
[Black "Aleksandrov, Aleksej"]
[Result "0-1"]
[WhiteElo "2312"]
[BlackElo "2639"]
[PlyCount "52"]
[EventDate "2009.??.??"]

1. d4 Nf6 2. Nf3 e6 3. Bf4 b6 4. e3 Bb7 5. Nbd2 Be7 6. h3 c5 7. Bd3 Nc6 8. c3
d6 9. Qe2 O-O 10. O-O Re8 11. Bh2 Bf8 12. Rfd1 cxd4 13. exd4 Ne7 14. Ne4 Nxe4
15. Bxe4 Bxe4 16. Qxe4 h6 17. a4 a6 18. Qe2 Nd5 19. Nd2 Qd7 20. Nf1 b5 21. axb5
axb5 22. Ne3 Nb6 23. Rxa8 Rxa8 24. d5 exd5 25. Nxd5 Nxd5 26. Rxd5 Qe6 0-1

[Event "M.Chigorin Memorial"]
[Site "St. Petersburg RUS"]
[Date "2009.10.18"]
[Round "3.48"]
[White "Harikrishna, P."]
[Black "Agaragimov, Djakhangir"]
[Result "1-0"]
[WhiteElo "2673"]
[BlackElo "2313"]
[PlyCount "129"]
[EventDate "2009.??.??"]

1. d4 Nf6 2. c4 g6 3. Nc3 Bg7 4. e4 d6 5. Nf3 O-O 6. Be2 e5 7. Be3 Ng4 8. Bg5
f6 9. Bh4 g5 10. Bg3 Nh6 11. c5 g4 12. Nh4 Nc6 13. dxe5 dxe5 14. Qxd8 Rxd8 15.
Nd5 Nd4 16. Bd1 Rd7 17. f3 c6 18. Ne3 gxf3 19. Nxf3 Rd8 20. Nxd4 Rxd4 21. Bb3+
Kf8 22. Bc2 Be6 23. O-O Ke7 24. Be1 Ng4 25. Nxg4 Bxg4 26. Bc3 Rd7 27. h3 Be6
28. Rf3 Bc4 29. Bb3 Be6 30. Raf1 Bxb3 31. axb3 Ke6 32. Kf2 Bf8 33. Ke2 Be7 34.
Rf5 Rg8 35. g4 Rg5 36. b4 Rd8 37. Bd2 Rxf5 38. exf5+ Kf7 39. Be3 Rd5 40. h4 a5
41. Rc1 axb4 42. Rc4 Bf8 43. b3 Be7 44. Rc2 Bf8 45. Rc4 Be7 46. g5 e4 47. gxf6
Bf8 48. Rxb4 b5 49. Rxe4 Rxf5 50. b4 Rxf6 51. Rd4 Ke6 52. Bg5 Rf5 53. Rd8 Ke5
54. Ke3 Rf7 55. Bf4+ Kf5 56. Rc8 Rf6 57. Kf3 Bh6 58. Bd6 Ke6+ 59. Ke4 Rf1 60.
Bg3 Bd2 61. Rxc6+ Ke7 62. Bd6+ Kd8 63. Rb6 Bxb4 64. Rxb5 Ba3 65. Kd5 1-0

[Event "M.Chigorin Memorial"]
[Site "St. Petersburg RUS"]
[Date "2009.10.18"]
[Round "3.49"]
[White "Bronnikova, Elizaveta"]
[Black "Amonatov, Farrukh"]
[Result "0-1"]
[WhiteElo "2290"]
[BlackElo "2643"]
[PlyCount "76"]
[EventDate "2009.??.??"]

1. e4 c5 2. Nf3 d6 3. d4 cxd4 4. Nxd4 Nf6 5. Nc3 a6 6. Be2 e5 7. Nb3 Be7 8. Bg5
Nbd7 9. a4 O-O 10. O-O h6 11. Be3 Qc7 12. a5 Rd8 13. Nd5 Nxd5 14. exd5 Rf8 15.
c4 f5 16. f3 Kh8 17. Nd2 Bg5 18. Bf2 b6 19. axb6 Nxb6 20. Nb3 Nd7 21. Na5 e4
22. fxe4 fxe4 23. b4 Rxf2 24. Rxf2 Be3 25. Qe1 Nf6 26. Kh1 Bxf2 27. Qxf2 Bg4
28. Bxg4 Nxg4 29. Qf4 Nf6 30. c5 Qf7 31. Qxd6 Nxd5 32. Nc6 Re8 33. Ne5 Qe6 34.
Qxe6 Rxe6 35. Nf7+ Kg8 36. Nd8 Rf6 37. Re1 Nxb4 38. Kg1 Nd3 0-1

[Event "M.Chigorin Memorial"]
[Site "St. Petersburg RUS"]
[Date "2009.10.18"]
[Round "3.50"]
[White "Valov, Ilya"]
[Black "Iordachescu, Viorel"]
[Result "1/2-1/2"]
[WhiteElo "2274"]
[BlackElo "2607"]
[PlyCount "72"]
[EventDate "2009.??.??"]

1. d4 Nf6 2. Nf3 e6 3. g3 b5 4. Bg2 d5 5. a4 b4 6. Nbd2 c5 7. O-O a5 8. c4 Bb7
9. Ne5 cxd4 10. Nb3 Bd6 11. Qxd4 O-O 12. cxd5 Bxd5 13. Bxd5 Bxe5 14. Qxe5 Nxd5
15. Be3 Nd7 16. Qd4 Qc8 17. Rfc1 Qa6 18. Rc2 h6 19. Rac1 Rfd8 20. Nc5 Qc6 21.
Nxd7 Qxd7 22. Rc6 Qe8 23. Qe4 Rac8 24. Rxc8 Rxc8 25. Rxc8 Qxc8 26. Bd2 Qc6 27.
b3 f5 28. Qd3 Nc3 29. f3 Kh7 30. Kf1 Nd5 31. e4 fxe4 32. Qxe4+ Kg8 33. Ke2 Kf7
34. Qd3 Qc5 35. Kf1 Ke7 36. Kg2 Kf7 1/2-1/2

[Event "M.Chigorin Memorial"]
[Site "St. Petersburg RUS"]
[Date "2009.10.18"]
[Round "3.51"]
[White "Zhigalko, Andrey"]
[Black "Ivkina, Olga"]
[Result "0-1"]
[WhiteElo "2601"]
[BlackElo "2272"]
[PlyCount "116"]
[EventDate "2009.??.??"]

1. d4 Nf6 2. c4 g6 3. Nc3 Bg7 4. e4 d6 5. Be2 O-O 6. Nf3 e5 7. O-O Na6 8. Be3
Ng4 9. Bg5 Qe8 10. Re1 exd4 11. Nxd4 Qe5 12. Nf3 Qc5 13. Bh4 Be6 14. Nd2 Ne5
15. Nb3 Qb6 16. Nd5 Bxd5 17. cxd5 Nc5 18. Nxc5 Qxc5 19. Qa4 Bh6 20. Qb5 Qc2 21.
Bd1 Qd2 22. Re2 Qd4 23. Bc2 c6 24. Qb3 cxd5 25. Rd1 Qc4 26. Qxc4 dxc4 27. Rxd6
Rac8 28. f3 Bc1 29. Ba4 g5 30. Bg3 Nd3 31. e5 Rfd8 32. Bd7 Rxd7 33. Rxd7 Bxb2
34. Rxb7 c3 35. Rc2 a5 36. e6 fxe6 37. Be5 Nxe5 38. Rbxb2 cxb2 39. Rxc8+ Kf7
40. Rb8 Nd3 41. Rb3 Kf6 42. g3 Ke5 43. Kg2 Kd4 44. Kh3 Kc4 45. Kg4 a4 46. Rxb2
Nxb2 47. Kxg5 Nd3 48. Kh6 a3 49. Kxh7 Kc3 50. h4 Kb2 51. h5 Kxa2 52. h6 Kb3 53.
Kg8 Ne5 54. h7 Ng6 55. Kg7 a2 56. Kxg6 a1=Q 57. g4 Kc4 58. g5 Qh8 0-1

[Event "M.Chigorin Memorial"]
[Site "St. Petersburg RUS"]
[Date "2009.10.18"]
[Round "3.52"]
[White "Bazeev, German"]
[Black "Yudin, Sergei"]
[Result "0-1"]
[WhiteElo "2274"]
[BlackElo "2599"]
[PlyCount "85"]
[EventDate "2009.??.??"]

1. d4 d5 2. c4 e6 3. Nc3 c6 4. e4 Bb4 5. Nge2 dxc4 6. a3 Ba5 7. Ng3 b5 8. Be2
Ne7 9. O-O O-O 10. Be3 f5 11. Qd2 Bb7 12. Rfe1 Ng6 13. Bg5 Qc7 14. exf5 exf5
15. Bh5 Nd7 16. Bxg6 hxg6 17. Be7 Rf7 18. Qg5 Nf8 19. Bxf8 Raxf8 20. Qxg6 Rf6
21. Qg5 Qf7 22. Re5 Bc7 23. Rae1 Bxe5 24. dxe5 Re6 25. f4 Qe7 26. Qxe7 Rxe7 27.
Rd1 a5 28. Kf2 Bc8 29. Ke3 b4 30. axb4 axb4 31. Na4 Ra7 32. Nb6 Be6 33. Rd6 c3
34. Kd3 Ra1 35. Kc2 Rb8 36. Rxe6 Rxb6 37. Nxf5 Ra2 38. Re8+ Kh7 39. e6 Rxb2+
40. Kd3 Rd2+ 41. Ke3 c5 42. g4 Rd1 43. e7 0-1

[Event "M.Chigorin Memorial"]
[Site "St. Petersburg RUS"]
[Date "2009.10.18"]
[Round "3.53"]
[White "Dolzhikova, Kateryna"]
[Black "Melkumyan, Hrant"]
[Result "0-1"]
[WhiteElo "2272"]
[BlackElo "2569"]
[PlyCount "90"]
[EventDate "2009.??.??"]

1. e4 e5 2. Nf3 Nc6 3. Bb5 Nf6 4. d3 d6 5. c3 Bd7 6. O-O g6 7. Nbd2 Bg7 8. Re1
O-O 9. Nf1 Nh5 10. Bg5 Qe8 11. Qd2 Kh8 12. Ne3 h6 13. Bh4 Rc8 14. Nd5 f5 15.
exf5 gxf5 16. Kh1 Qf7 17. Ne7 Rce8 18. Bc4 Be6 19. Bxe6 Qxe6 20. Nxc6 bxc6 21.
Ng1 Qg6 22. f3 Rg8 23. Nh3 d5 24. Bf2 Bf8 25. Rg1 a6 26. Rae1 Kh7 27. b4 Qf6
28. Re2 Bd6 29. Qe1 Ng7 30. c4 Re6 31. Bh4 Qf7 32. c5 Be7 33. Bxe7 Qxe7 34. f4
e4 35. d4 Rg6 36. Qc3 Ne6 37. g3 h5 38. Kg2 Qg7 39. Rd2 h4 40. Kf2 hxg3+ 41.
hxg3 Rh6 42. Rh1 Nxf4 43. Nxf4 Rxh1 44. Qe3 Rh2+ 45. Ng2 f4 0-1

[Event "M.Chigorin Memorial"]
[Site "St. Petersburg RUS"]
[Date "2009.10.18"]
[Round "3.54"]
[White "Ovetchkin, Roman"]
[Black "Solovjova, Valentina"]
[Result "1-0"]
[WhiteElo "2556"]
[BlackElo "2257"]
[PlyCount "75"]
[EventDate "2009.??.??"]

1. d4 d5 2. c4 c6 3. Nf3 Nf6 4. Qc2 e6 5. Nbd2 Nbd7 6. g3 Bd6 7. Bg2 O-O 8. O-O
Re8 9. Rd1 Qe7 10. e4 dxe4 11. Nxe4 Nxe4 12. Qxe4 e5 13. Bg5 f6 14. Be3 exd4
15. Qxe7 Bxe7 16. Bxd4 Nf8 17. Be3 Bg4 18. h3 Bh5 19. g4 Bf7 20. b3 a5 21. Nd2
a4 22. c5 g5 23. b4 f5 24. gxf5 Bf6 25. Ne4 Bxa1 26. Rxa1 Red8 27. a3 h6 28.
Nd6 Rab8 29. Bd4 Nd7 30. Re1 Bd5 31. Bxd5+ cxd5 32. Re7 Nb6 33. Nxb7 Rxb7 34.
Rxb7 Nc4 35. c6 Rc8 36. b5 Nxa3 37. Rg7+ Kf8 38. f6 1-0

[Event "M.Chigorin Memorial"]
[Site "St. Petersburg RUS"]
[Date "2009.10.18"]
[Round "3.55"]
[White "Vunder, Andrey"]
[Black "Yevseev, Denis"]
[Result "1/2-1/2"]
[WhiteElo "2246"]
[BlackElo "2541"]
[PlyCount "81"]
[EventDate "2009.??.??"]

1. d4 Nf6 2. Nf3 g6 3. Bg5 Bg7 4. Nbd2 O-O 5. c3 d6 6. a4 c5 7. e3 cxd4 8. exd4
Nc6 9. Be2 Qc7 10. O-O h6 11. Bh4 e5 12. dxe5 dxe5 13. Bb5 Nh5 14. Re1 Be6 15.
Ne4 a6 16. Bxc6 Qxc6 17. Qd6 f5 18. Qxc6 bxc6 19. Nc5 Bd5 20. Be7 Rfb8 21. Bd6
Rxb2 22. Bxe5 Bxf3 23. Bxg7 Bxg2 24. Bxh6 Bd5 25. Nd7 Ra7 26. Re8+ Kh7 27. Bc1
Rbb7 28. Nf8+ Kg7 29. Bg5 Kf7 30. Rd8 Rb3 31. Nd7 Rab7 32. Re1 Rb1 33. Bc1 Rxc1
34. Rxc1 Ke7 35. Nc5 Rb2 36. Rd7+ Kf6 37. c4 Nf4 38. cxd5 Ne2+ 39. Kf1 Nxc1 40.
dxc6 Rc2 41. Nxa6 1/2-1/2